| 000 | 00632nam a22001937a 4500 | ||
|---|---|---|---|
| 003 | OSt | ||
| 005 | 20210427080146.0 | ||
| 008 | 210222s1910 ||||| |||| 00| 0 eng d | ||
| 040 |
_aeng _beng _cDLC |
||
| 041 | _aeng | ||
| 080 |
_a91 _bG-14 |
||
| 110 |
_91051 _aGeorgia Mountain History Museum |
||
| 245 |
_aGainesville: The Great Health Resort of the South _b: The Business Center of Northeast Georgia _c/ by: Georgia Mountain History Museum |
||
| 260 |
_aGainesville, Georgia _bGeorgia Mountain History Museum _c1910 |
||
| 300 |
_a68 p. _bill. |
||
| 650 | 0 |
_9490 _aGeography |
|
| 653 | _aგეოგრაფია | ||
| 942 |
_2udc _cBK |
||
| 999 |
_c1631 _d1631 |
||